| 000 | 00425pab a2200157 454500 | ||
|---|---|---|---|
| 008 | 180718b2000 xxu||||| |||| 00| 0 eng d | ||
| 100 | _aUrquhart, Brian | ||
| 245 | _aBetween sovereignty and globalisation: where does the United Nations fit in? | ||
| 260 | _c2000 | ||
| 300 | _ap.5-14 | ||
| 650 | _aGlobalization | ||
| 650 | _aSovereignity | ||
| 650 | _aUnited Nations | ||
| 773 | _aDevelopment Dialogue | ||
| 909 | _a51549 | ||
| 999 |
_c51549 _d51549 |
||